| Registos Bibliográficos associados ao registo de autoridade |
|
Etiqueta de registo: 00254nam 2200025 450 001 2283213 003 http://id.bnportugal.gov.pt/bib/catbnp/2283213 010 ## $a978-972-20-8789-6 021 ## $aPT$b558086/25 100 ## $a20260330d2026 m y0pory01030103ba 101 1# $apor$cita 102 ## $aPT 105 ## $ay z 000ay 106 ## $ar 200 1# $aQuem diz e quem cala$fChiara Valerio$gtrad. Nuno Camarneiro 205 ## $a1ª ed 210 #9 $aAlfragide$cDom Quixote,$d2026 215 ## $a221 p.$d24 cm 304 ## $aTít. orig.: Chi dice e chi tace 675 ## $a821.131.1-312.4"20"$vBN$zpor$31535088 700 #1 $aValerio,$bChiara,$f1978-$31994205 702 #1 $aCamarneiro,$bNuno,$f1977-$4730$31478102 801 #0 $aPT$bBN$gRPC 966 ## $lBN$mFGMON$x1 966 ## $lBN$mFGMON$x1 971 ## $corlando$d20260330 973 ## $cmlsousa$d20260429
|
|
|